000 00289nam a2200121Ia 4500
008 190216s9999||||xx |||||||||||||| ||und||
100 _aRabindranath Tagore
245 0 _aOur Universe
260 _bJaico Publishing House
_c1969
300 _a120p
650 _aEnglish Poetry
942 _cBK
999 _c12106
_d12106